[Event "Davos Summer op"]
[Site "Davos"]
[Date "2023.08.05"]
[Round "3"]
[White "Borsos, Bogdan"]
[Black "Sala, Matteo"]
[Result "1-0"]
[WhiteElo "2130"]
[BlackElo "1838"]
[PlyCount "49"]
[EventDate "2023.08.04"]
[EventType "swiss"]
[EventRounds "5"]
[EventCountry "SUI"]
[SourceTitle "EXT 2024"]
[Source "ChessBase"]
[SourceDate "2023.10.10"]
[SourceVersion "1"]
[SourceVersionDate "2023.10.10"]
[SourceQuality "1"]

1. Nf3 c5 2. c4 g6 3. d4 cxd4 4. Nxd4 Bg7 5. e4 Nc6 6. Be3 Nf6 7. Nc3 0-0 8. Be2 d6 9. 0-0 Bd7 10. Qd2 Re8 11. f3 a6 12. Rfd1 Rc8 13. Rac1 Ne5 14. b3 Bc6 15. a4 a5 16. Bf1 Nfd7 17. h3 Nc5 18. Rb1 Ned7 19. Qf2 Na6 20. Ncb5 Bxb5 21. cxb5 Ndc5 22. h4 Nb4 23. Rd2 Qb6 24. h5 Rcd8 25. Rbd1 1-0

[Event "Wohlen op 3rd"]
[Site "Wohlen"]
[Date "2022.08.19"]
[Round "1"]
[White "Sala, Matteo"]
[Black "Madhavan, Kailash"]
[Result "1-0"]
[WhiteElo "1862"]
[BlackElo "1490"]
[PlyCount "87"]
[EventDate "2022.08.19"]
[EventType "swiss"]
[EventRounds "5"]
[EventCountry "SUI"]
[SourceTitle "CBM 210 Extra"]
[Source "ChessBase"]
[SourceDate "2022.11.30"]
[SourceVersion "1"]
[SourceVersionDate "2022.11.30"]
[SourceQuality "1"]

1. e4 c5 2. Nf3 e6 3. d4 cxd4 4. Nxd4 Nf6 5. Nc3 Nc6 6. Nxc6 bxc6 7. Bd3 Bc5 8. e5 Nd5 9. Ne4 Be7 10. Qg4 0-0 11. Bh6 Bb4+ 12. c3 g6 13. cxb4 Nxb4 14. Nf6+ Kh8 15. Qxb4 Rg8 16. 0-0 d5 17. Qh4 Bd7 18. Bg5 Rg7 19. Nh5 Qxg5 20. Qxg5 gxh5 21. Qxh5 Rb8 22. b3 Rb4 23. Qe2 Rbg4 24. Kh1 Bc8 25. Rg1 Rg8 26. Rac1 Bb7 27. a3 R8g5 28. f3 Rh4 29. h3 Rg8 30. Kh2 Ba8 31. b4 Bb7 32. Rc5 Ba8 33. Ra5 a6 34. Rxa6 Rh5 35. f4 Rh6 36. Ra7 f5 37. exf6 Rf8 38. Qe5 Rfxf6 39. Rxa8+ Kg7 40. g4 Rhg6 41. Bxg6 hxg6 42. g5 Kh7 43. Qxf6 d4 44. Rh8# 1-0

[Event "Locarno op 7th"]
[Site "Locarno"]
[Date "2022.04.09"]
[Round "2"]
[White "Karnaukh, Anatolij"]
[Black "Sala, Matteo"]
[Result "1-0"]
[WhiteElo "2026"]
[BlackElo "1552"]
[PlyCount "57"]
[EventDate "2022.04.08"]
[EventType "swiss"]
[EventRounds "5"]
[EventCountry "SUI"]
[SourceTitle "CBM 207 Extra"]
[Source "ChessBase"]
[SourceDate "2022.05.31"]
[SourceVersion "1"]
[SourceVersionDate "2022.05.31"]
[SourceQuality "1"]

1. d4 Nf6 2. Nf3 g6 3. c4 Bg7 4. Nc3 d5 5. cxd5 Nxd5 6. Bd2 Nb6 7. e3 N8d7 8. Be2 c5 9. d5 f5 10. Qb3 Nf8 11. Qb5+ Nbd7 12. 0-0 e5 13. dxe6 Nxe6 14. Bc4 Nc7 15. Qb3 Rf8 16. Rad1 g5 17. e4 f4 18. h3 h5 19. Be6 Qe7 20. Nd5 Nxd5 21. exd5 Ne5 22. Nxe5 Bxe5 23. Rfe1 Qd6 24. Rxe5 Qxe5 25. Re1 Qc7 26. d6 Qxd6 27. Bxc8+ Kd8 28. Bxb7 f3 29. Ba5+ 1-0

[Event "Biel ATO 55th"]
[Site "Biel"]
[Date "2022.??.??"]
[Round "3"]
[White "Schmid, Nicolas"]
[Black "Sala, Matteo"]
[Result "0-1"]
[WhiteElo "1891"]
[BlackElo "1708"]
[PlyCount "92"]
[EventDate "2022.07.13"]
[EventType "swiss"]
[EventRounds "9"]
[EventCountry "SUI"]
[SourceTitle "EXT 2024"]
[Source "ChessBase"]
[SourceDate "2023.10.10"]
[SourceVersion "1"]
[SourceVersionDate "2023.10.10"]
[SourceQuality "1"]

1. e4 c5 2. Nf3 d6 3. d4 cxd4 4. Nxd4 Nf6 5. Nc3 e6 6. g4 h6 7. h4 a6 8. Rg1 d5 9. exd5 Nxd5 10. Nxd5 Qxd5 11. Bg2 Qe5+ 12. Be3 Qh2 13. Kf1 Qxh4 14. g5 e5 15. Rh1 Qg4 16. Ne2 Nc6 17. Qd2 Qd7 18. Qc3 Qc7 19. gxh6 gxh6 20. Rd1 Bd7 21. Qb3 Be6 22. Qa4 f5 23. f4 e4 24. Nd4 Bd7 25. Nb5 Qb8 26. Nc3 Be6 27. Bb6 Qxf4+ 28. Ke1 Bg7 29. Nd5 Bxd5 30. Rxd5 0-0 31. Qb3 Kh7 32. Be3 Qg3+ 33. Kf1 Rae8 34. Bxh6 Qxb3 35. Bf4+ Kg6 36. cxb3 Rd8 37. Rg1 Kh7 38. Rh1+ Kg8 39. Rxd8 Nxd8 40. Ke2 Ne6 41. Bh6 Bxh6 42. Rxh6 Nf4+ 43. Kf1 Rc8 44. Bh3 e3 45. Kg1 Rc1+ 46. Kh2 e2 0-1